Encyclopedia of sensors and biosensors/
Na minha lista:
| Autor principal: | |
|---|---|
| Formato: | Livro |
| Idioma: | inglês |
| Publicado em: |
Amsteradam:
Elsevier,
2023
|
| Edição: | Volume 3 : Sensor development |
| Acesso em linha: | View in OPAC |
| Tags: |
Sem tags, seja o primeiro a adicionar uma tag!
|
MARC
| LEADER | 00000nam a22000007a 4500 | ||
|---|---|---|---|
| 003 | SK-BrSCK | ||
| 005 | 20260127134426.0 | ||
| 008 | 240418b2023 xo a|||| |||| 001 0 eng d | ||
| 020 | |a 9780323950510 | ||
| 040 | |a SK-BrSCK |b slo |c SK-BrSCK | ||
| 100 | |a Narayan, Roger |9 2443 | ||
| 245 | |a Encyclopedia of sensors and biosensors/ |c Narayan, Roger; Yuce Mehmet, R. | ||
| 250 | |a Volume 3 : Sensor development | ||
| 260 | |a Amsteradam: |b Elsevier, |c 2023 | ||
| 300 | |a xliv, 642 pages: |b Ill. | ||
| 942 | |2 udc |c 14 | ||
| 999 | |c 12498 |d 12498 | ||